000 00987nam a2200253Ia 4500
003 OSt
005 20221005104213.0
006 a|||||r|||| 00| 0
007 ta
008 221004b |||||||| |||| 00| 0 hin d
020 _a9788183151139 (hbk)
_c2500
024 _a102660
037 _b465, 12/02/2010, Eastern Book Linkers
_cTextual
040 _aCRL
_cCRL
_bhin
041 _2hin
_ahin
082 _aQ23:222N, 152Q0
100 _aनन्दवाना, लक्ष्मीनारायण, संपा.
_9167908
245 0 _aनांदिपुराणम्
246 _aNāandipurāṇam
260 _aदिल्ली
_bन्यू भारतीय बुक कॉर्पोरेशन भारत
_c2010
300 _a599पृ0
_ccm.
942 _hQ23:222N, 152Q0
_cTEXL
_2cc
999 _c1012018
_d1012018